Suomen sanat tieno(o) 'seutu' ja tietää

Elmentve itt :
Bibliográfiai részletek
Szerző: Räsänen Martti
Dokumentumtípus: Cikk
Megjelent: 1939
Sorozat:Virittäjä
Kulcsszavak:Finn nyelv
Tárgyszavak:
Online Access:http://misc.bibl.u-szeged.hu/65964
LEADER 00736nab a2200241 i 4500
001 misc65964
005 20230531150127.0
008 230412s1939 hu o 0|| ger d
040 |a SZTE Miscellanea Repozitórium  |b hun 
041 |a ger 
041 |a fin 
100 1 |a Räsänen Martti 
245 1 0 |a Suomen sanat tieno(o) 'seutu' ja tietää  |h [elektronikus dokumentum] /  |c  Räsänen Martti 
260 |c 1939 
300 |a 375-377  |c 25 cm 
300 |a [3] p.  |c 25 cm 
490 0 |a Virittäjä 
561 |a Németh Gyula hagyaték 
591 |a NOU 4775 
650 4 |a Bölcsészettudományok 
650 4 |a Nyelvek és irodalom 
695 |a Finn nyelv 
856 4 0 |u http://misc.bibl.u-szeged.hu/65964/1/4775_noa.pdf  |z Dokumentum-elérés